Diagnóstico en educación: teoría, modelos y procesos

Uloženo v:
Podrobná bibliografie
Hlavní autor: Sobrado Fernández, Luis M (Autor)
Médium: Kniha
Jazyk:španělština
Vydáno: Madrid Biblioteca Nueva 2002
Vydání:1a. ed
Edice:Biblioteca Nueva Universidad. Manuales y Obras de Referencia
Témata:
Tagy: Přidat tag
Žádné tagy, Buďte první, kdo vytvoří štítek k tomuto záznamu!

MARC

LEADER 00000cam a2200000 a 4500
001 UCL0907
003 CL-VaPUC
008 030825e20020000SP |||||||||||||||||spa|d
020 |a 8497420594 
082 0 4 |a 370.7  |b SOB  |2 21 
100 0 |a Sobrado Fernández, Luis M  |e author  |9 477652 
245 1 0 |a Diagnóstico en educación: teoría, modelos y procesos 
250 |a 1a. ed 
300 |a 379 p 
942 |c BK 
945 |d 20030825 00:00:00  |a cmena 
260 |a Madrid  |b Biblioteca Nueva  |c 2002 
650 0 |a Investigación educacional   |9 261192 
650 0 |a Planificación del currículo  |9 269599 
650 0 |a Evaluación de la educación   |9 237505 
583 |a last modification  |c 20150401 11:54:52  |k Rodrigo Vera 
490 0 |a Biblioteca Nueva Universidad. Manuales y Obras de Referencia 
999 |c 304632  |d 304630 
952 |0 0  |1 0  |4 0  |6 370_700000000000000_SOB_2002  |7 0  |8 A  |9 367152  |a BIBEDU  |b BIBEDU  |c ES_NOD  |d 2019-11-21  |i 3932311  |o 370.7 SOB 2002  |p 3932311  |r 2023-08-09  |w 2019-11-21  |y BK  |k EDU 
952 |0 0  |1 0  |4 0  |6 370_700000000000000_SOB_2002  |7 0  |8 A  |9 367153  |a BIBEDU  |b BIBEDU  |c ES_NOD  |d 2019-11-21  |i 4119967  |o 370.7 SOB 2002  |p 4119967  |r 2023-08-09  |w 2019-11-21  |y BK  |k EBA 
952 |0 0  |1 0  |3 erb  |4 0  |6 370_700000000000000_SOB_2002  |7 0  |8 A  |9 367154  |a BIBEDU  |b BIBEDU  |c ES_NOD  |i 5144795  |o 370.7 SOB 2002  |p 5144795  |r 2023-08-09  |w 2019-11-21  |y BK  |z Catalogado en:20150402  |k EPE